Genshin Characters (Playable) - 3.5 - Statistics

General Stats
  • This quiz has been taken 65 times
  • The average score is 54 of 65
Answer Stats
Answer % Correct
Zhongli
98%
Arataki Itto
95%
Jean
95%
Venti
95%
Collei
93%
Kaedehara Kazuha
93%
Raiden Shogun
93%
Shikanoin Heizou
93%
Tighnari
93%
Amber
91%
Beidou
91%
Lisa
91%
Aether
89%
Barbara
89%
Hu Tao
89%
Kaeya
89%
Kamisato Ayato
89%
Lumine
89%
Nahida
89%
Sayu
89%
Sucrose
89%
Yae Miko
89%
Albedo
86%
Al Haitham
86%
Bennett
86%
Diluc
86%
Fischl
86%
Gorou
86%
Ningguang
86%
Xiao
86%
Kamisato Ayaka
84%
Kuki Shinobu
84%
Mona
84%
Noelle
84%
Razor
84%
Xingqiu
84%
Xinyan
84%
Yun Jin
84%
Cyno
82%
Faruzan
82%
Klee
82%
Qiqi
82%
Wanderer
82%
Yelan
82%
Candace
80%
Chongyun
80%
Diona
80%
Kujou Sara
80%
Tartaglia
80%
Dehya
77%
Dori
77%
Shenhe
77%
Xiangling
77%
Yoimiya
77%
Eula
75%
Ganyu
75%
Yanfei
75%
Yao Yao
75%
Keqing
73%
Nilou
73%
Sangonomiya Kokomi
73%
Thoma
73%
Rosaria
68%
Layla
66%
Mika
64%
No matching quizzes found
Score Distribution
Percent of People with Each Score
Percentile by Number Answered
Your Score History
You have not taken this quiz